01011nam a22001937a 4500003001000000005001700010008004100027020001800068040001400086041000700100100002000107245001900127260003300146300001200179500006600191520053500257650001400792654001100806IT-MiCISF20240509125424.0240509b |||||||| |||| 00| 0 eng d a9788858149249 cIT-MiCISF ait aCodeluppi Vanni aMondo digitale aBari-Roma, bLaterza, c2022 app. 113 asocietà, nuovi-media, mass-media, consumi, rapporti-sociali aSiamo sempre più immersi nel mondo digitale. Le aziende del Web ci promettono una futura esistenza online dove il nostro avatar interagirà costantemente con tanti altri sé virtuali. La nostra esistenza si sta inevitabilmente trasformando in una vera e propria ‘vita digitale’. Ma quali sono le conseguenze sociali dei social media, delle piattaforme, del software informatico e degli algoritmi? Ovvero, questa ‘rivoluzione digitale’ sta profondamente modificando la struttura e l’identità della nostra società? aMassmedia asaggio